000 00446nam a2200145Ia 4500
008 180921t2018 xxu||||| |||| 00| 0 sin d
041 _asin
245 _aජනේලය යට පා සලකුණු
260 _bවාසනා
_aදන්කොටුව
_c2018
300 _aසෙ.මි.21, පි.208
700 _aවසන්තා පිගේරා
_etr.
942 _cBK
999 _c11106
_d11106
003 LK-CoDNM
040 _aLK-CoDNM
_dLK-CoDNM
_eLK-CoDNM